| 000 | 01105nam a2200325 i 4500 | ||
|---|---|---|---|
| 003 | EG-ScBUE | ||
| 005 | 20241017083700.0 | ||
| 008 | 150817s1976 gw f b 001 0 eng d | ||
| 020 | _a9783540586616 | ||
| 040 |
_aEG-ScBUE _beng _erda _cEG-ScBUE _dEG-ScBUE |
||
| 082 | 0 | 4 |
_a515.7246 _bKAT _222 |
| 100 | 1 |
_aKatÅ, Tosio, _d1917- _eauthor. _938362 |
|
| 245 | 1 | 0 |
_aPerturbation theory for linear operators / _cTosio Kato. |
| 250 | _aSecond edition. | ||
| 264 | 1 |
_aBerlin : _bSpringer-Verlag, _c1976. |
|
| 300 |
_axxi, 619 pages ; _c24 cm. |
||
| 336 |
_2rdacontent _atext _btxt |
||
| 337 |
_aunmediated _2rdamedia _bn |
||
| 338 |
_avolume _bnc _2rdacarrier |
||
| 490 | 0 |
_aGrundlehren der mathematischen Wissenschaften ; _v132 |
|
| 500 | _aA series of comprehensive studies in mathematics. | ||
| 504 | _aIncludes bibliographical references and index. | ||
| 650 | 7 |
_aPerturbation (Mathematics) _2BUEsh _936431 |
|
| 650 | 7 |
_aLinear operators. _2BUEsh _922996 |
|
| 650 | 7 |
_aLinear operators. _2BUEsh |
|
| 651 | _2BUEsh | ||
| 653 |
_bENGGEN _cAugust2015 |
||
| 655 |
_vReading book _934232 |
||
| 942 |
_2ddc _cBB |
||
| 999 |
_c20561 _d20533 |
||